000
00298nam a2200109Ia 4500
008
210107s9999 xx 000 0 und d
100
_a
Das, B. C. and Mukherjee, B. N.
245
0
_a
Integral Calculus With Differential Equations
260
_a
Kolkata
_b
U N Dhar & sons
300
_a
451
942
_c
BK
999
_c
11356
_d
11356